00651nam a2200205Ia 4500003000400000008004100004020001500045040001600060082002600076100002000102245006900122700002100191250001000212260006000222300003400282490004800316650001300364650003400377650003400411GCL140319s9999 xx 000 0 eng d a0521591155 aGCL / cGCL04aCCb962.02088355bP M1 aPHILIPP, THOMAS10aTHE MAMLUKS IN EGYPTIAN POLITICS AND SOCIETY / cPHILIPP, THOMAS1 aHAARMANN, ULRICH aFIRST aانجلترا : bCAMBRIDGE UNIVERSITY PRESS ، c1998 a306 PbILL., MAPS ؛ c24 cm. aCAMBRIDGE STUDIES IN ISLAMIC CIVLIZATIONv004aMAMELUKE04aEGYPT - HISTORY - 1250 - 151704aEGYPT - HISTORY - 1517 - 1882